000 01081cam a2200349 4500
008 090401t1993 xxu||||| |||| 00| 0 eng d
020 _a0116715391
035 _a(Sirsi) u5138
041 _aeng
050 _a692.8
110 _aUnited Kingdom
_bDepartment of the Environment
_9982
245 _aGeneral conditions of contract for building and civil engineering minor works measured term and call-off standard forms of contract: C1303, C1304, C1306, C1312, C1401, C1501.
250 _a2nd ed.
260 _aLondon
_bHMSO
_c1993
300 _a(156)p. ; 30cm.
350 _a25
650 _aBUILT ENVIRONMENT-BUILDING CONTRACT FORMS
650 _aC1303
650 _aC1304
650 _aC1306
650 _aC1312
650 _aC1401
650 _aC1501
650 _aCALL-OFF CONTRACTS
650 _aCHIMNEY SWEEPING
650 _aBUILT ENVIRONMENT-BUILDING MAINTENANCE AND REFURBISHMENT
650 _aMEASURED TERM CONTRACTS
650 _aWINDOW CLEANING
690 _aBUILT ENVIRONMENT-BUILDING CONTRACT FORMS
942 _n0
948 _c04/03/1997
999 _c86125
_d86125